Leader xxxxxxxxxx
001 __ 75085209
005 __ 19940222191016.0
008 __ chi
010 0_ |a|b平裝|d新臺幣 90 元
100 __ |a19910118d1985 y0chiy0109 e.
101 0_ |achi.
102 __ |acw.
105 __ |aa z 000yy.
200 1_ |a察眼觀色|e|f何瑞元(Richard W. Hartzell) 著.
205 __ |a二版.
210 __ |a台北市|c皇冠|d民74.
215 0_ |a263面|c圖|d19公分.
225 2_ |a皇冠叢書|v1123|i老外在台灣|v8.
260 1_ |a1985.
300 __ |a
410 _0 |12001 |a皇冠叢書|v1123|i老外在台灣|v8.
510 1_ |aCross-Cultural Glimpse.
681 __ |a
700 _1 |a何|b瑞元|c(Hartzell, Richard W.)|4著
702 __ |a|b|4
770 _1 |aHartzell|bRichard W.
801 _0 |acw|b清大|c19900801.
801 _1 |acw|b清大|c19910118.
856 __ |uhttp://www.crown.com.tw/|z皇冠文化集團|2http
|